000 00469cam a2200169 4500
001 D3550
008 090401t1983 xxu||||| |||| 00| 0 eng d
035 _a(Sirsi) u73735
041 _aeng
050 _a333.33
245 _aEstates Times review February 1983. Special feature: retail property. Historic towns: Portsmouth
260 _aLondon
_bMorgan Grampian (Construction Press)
_c1983
300 _a49p. 28cm
350 _a2
942 _n0
948 _c04/03/1997
999 _c95690
_d95690